| 000 | 00755nam a2200193 i 4500 | ||
|---|---|---|---|
| 001 | 78848 | ||
| 003 | ES-MaACL | ||
| 005 | 20240219212907.0 | ||
| 007 | t| | ||
| 008 | 041018s1933 xxu ||||1| eng d | ||
| 100 | 1 |
_aHaynes, Randolph Arnold. _962211 |
|
| 245 | 1 | 0 |
_aNegation in Don Quijote : a dissertation submitted to the faculty of the division of the Humanities in cambidacy for the degree of Doctor of Phylosophy / _cRandolph Arnold Haynes. |
| 260 |
_aTexas : _bAustin, _c1933. |
||
| 300 |
_aXI, 167 p. ; _c22 cm. |
||
| 594 | _aPrecede al tít.: The University of Chicago. | ||
| 600 | 1 | 7 |
_aCervantes Saavedra, Miguel de, _d1547-1616. _tDon Quijote de la Mancha- _xCrítica textual _2 _9158873 |
| 852 |
_aES-MaACL _jA-2379 |
||
| 999 |
_c78848 _d78848 |
||